|
|
|
|
| LEADER |
00000naa2a2200000 4500 |
| 001 |
200407 |
| 005 |
20231031184657.0 |
| 035 |
|
|
|a (RuTPU)RU\TPU\book\218478
|
| 035 |
|
|
|a RU\TPU\book\218258
|
| 090 |
|
|
|a 200407
|
| 100 |
|
|
|a 20110907d1962 k y0rusy50 ca
|
| 101 |
0 |
|
|a rus
|
| 102 |
|
|
|a RU
|
| 200 |
1 |
|
|a Влияние предварительного облучения на скорость термического разложения оксалата и карбоната серебра, содержащих добавки
|f Ю. А. Захаров [и др.]
|
| 320 |
|
|
|a Библиогр.: 14 назв.
|
| 463 |
|
0 |
|0 (RuTPU)RU\TPU\book\218258
|t Труды второго Всесоюзного совещания по радиационной химии
|o Москва, 10-14 октября, 1960 г.
|f Академия наук СССР (АН СССР), Отделение химических наук ; отв. ред. Л. С. Полак
|v С. 683-698
|d 1962
|p 756 с.
|
| 610 |
1 |
|
|a химическая промышленность
|
| 610 |
1 |
|
|a труды учёных ТПУ
|
| 701 |
|
1 |
|a Захаров
|b Ю. А.
|
| 701 |
|
1 |
|a Болдырев
|b В. В.
|
| 701 |
|
1 |
|a Ерошкин
|b В. И.
|
| 701 |
|
1 |
|a Тронов
|b А. Б.
|
| 801 |
|
0 |
|a RU
|b 63413507
|c 20011210
|g PSBO
|
| 801 |
|
2 |
|a RU
|b 63413507
|c 20110909
|g PSBO
|
| 942 |
|
|
|c BK
|